[Event "C18"]
[Site "?"]
[Date "2016.08.06"]
[Round "8.1"]
[White "Piotrowski, Przemyslaw"]
[Black "Niekras, Dawid"]
[Result "0-1"]
[LiveChessVersion "1.4.8"]
[BlackElo "2157"]
[WhiteElo "2131"]

1. Nf3 Nf6 2. g3 g6 3. b3 Bg7 4. Bb2 O-O 5. Bg2 c5 6. c4 d6 7. O-O Nc6 8. Nc3 e5
9. e3 Bf5 10. d4 exd4 11. exd4 Ne4 12. Ne2 Bg4 13. Qc2 Re8 14. dxc5 Nb4 15. Qb1
Bxf3 16. Bxg7 Bxg2 17. Kxg2 Kxg7 18. Rd1 Qf6 19. Nf4 Nc3 20. Qc1 Nxd1 21. Qxd1
dxc5 22. Qf3 Qc6 23. Nd5 Nxd5 24. cxd5 Qd6 25. Rd1 Rad8 26. Qc3+ Kg8 27. Qc4 b6
28. h4 Qe5 29. Kg1 Qe2 30. Qc1 Qf3 31. Rf1 Qxd5 0-1

[Event "C18"]
[Site "?"]
[Date "2016.08.06"]
[Round "8.2"]
[White "Michalski, Filip"]
[Black "Karwowski, Kacper"]
[Result "1-0"]
[LiveChessVersion "1.4.8"]
[BlackElo "2002"]
[WhiteElo "1916"]

1. d4 {[%clk 0:03:03]} Nf6 {[%clk 0:03:04]} 2. c4 {[%clk 0:03:04]} e6
{[%clk 0:03:05]} 3. Nc3 Bb4 4. e3 {[%clk 0:03:07]} b6 {[%clk 0:03:07]} 5. Nge2
{[%clk 0:03:06]} Bb7 {[%clk 0:03:03]} 6. a3 {[%clk 0:03:06]} Be7 {[%clk 0:03:04]}
7. Ng3 {[%clk 0:03:06]} O-O {[%clk 0:03:05]} 8. e4 {[%clk 0:03:07]} d6
{[%clk 0:03:06]} 9. Be2 {[%clk 0:03:01]} Nbd7 {[%clk 0:03:07]} 10. O-O
{[%clk 0:03:02]} e5 {[%clk 0:03:08]} 11. d5 {[%clk 0:02:57]} g6 {[%clk 0:03:07]}
12. Bh6 {[%clk 0:02:50]} Re8 {[%clk 0:03:09]} 13. Qd2 {[%clk 0:02:33]} Bf8
{[%clk 0:03:08]} 14. Bg5 {[%clk 0:02:34]} Bg7 {[%clk 0:02:58]} 15. Rae1
{[%clk 0:02:22]} Nc5 {[%clk 0:03:00]} 16. b4 {[%clk 0:02:20]} Nb3
{[%clk 0:03:01]} 17. Qd1 {[%clk 0:02:01]} Nd4 {[%clk 0:03:01]} 18. Nb5
{[%clk 0:01:52]} h6 {[%clk 0:02:36]} 19. Be3 {[%clk 0:01:50]} Nxe2+
{[%clk 0:02:29]} 20. Qxe2 a6 21. Nc3 {[%clk 0:01:45]} Nd7 {[%clk 0:02:28]} 22.
Qd2 {[%clk 0:01:45]} Kh7 {[%clk 0:02:29]} 23. Nge2 {[%clk 0:01:21]} Rf8
{[%clk 0:02:29]} 24. f4 {[%clk 0:01:11]} exf4 {[%clk 0:02:27]} 25. Nxf4
{[%clk 0:01:08]} Ne5 {[%clk 0:02:28]} 26. c5 {[%clk 0:01:02]} Nc4
{[%clk 0:02:18]} 27. Qc1 {[%clk 0:01:03]} Nxe3 {[%clk 0:01:59]} 28. Qxe3
{[%clk 0:01:02]} bxc5 {[%clk 0:01:54]} 29. bxc5 {[%clk 0:01:04]} dxc5
{[%clk 0:01:55]} 30. Qxc5 {[%clk 0:01:05]} Qd6 {[%clk 0:01:55]} 31. Qxd6
{[%clk 0:00:35]} cxd6 {[%clk 0:01:56]} 32. Rb1 {[%clk 0:00:23]} Bc8
{[%clk 0:01:32]} 33. Na4 {[%clk 0:00:23]} Bd7 {[%clk 0:01:30]} 34. Nb6
{[%clk 0:00:22]} Ra7 {[%clk 0:01:32]} 35. a4 {[%clk 0:00:22]} Bd4+
{[%clk 0:01:32]} 36. Kh1 {[%clk 0:00:22]} Rb7 {[%clk 0:01:23]} 37. Nxd7
{[%clk 0:00:22]} Rxd7 {[%clk 0:01:25]} 38. Ne6 fxe6 {[%clk 0:01:22]} 39. Rxf8
{[%clk 0:00:23]} exd5 {[%clk 0:01:21]} 40. exd5 {[%clk 0:00:24]} Rc7
{[%clk 0:01:20]} 41. h3 {[%clk 0:00:25]} Kg7 {[%clk 0:01:17]} 42. Rfb8
{[%clk 0:00:24]} Rc5 {[%clk 0:01:14]} 43. R1b7+ {[%clk 0:00:23]} Kf6
{[%clk 0:01:16]} 44. Rf8+ {[%clk 0:00:23]} Kg5 {[%clk 0:01:17]} 45. g3
{[%clk 0:00:10]} Rxd5 {[%clk 0:01:15]} 46. Kg2 {[%clk 0:00:11]} Be5
{[%clk 0:01:13]} 47. Rb3 {[%clk 0:00:08]} Rd4 {[%clk 0:01:00]} 48. Kf3
{[%clk 0:00:09]} Rxa4 {[%clk 0:00:54]} 49. Rf7 {[%clk 0:00:06]} Rc4
{[%clk 0:00:53]} 50. Kg2 {[%clk 0:00:04]} a5 {[%clk 0:00:54]} 51. Ra3
{[%clk 0:00:04]} a4 {[%clk 0:00:56]} 52. Ra7 {[%clk 0:00:05]} Rc2+
{[%clk 0:00:56]} 53. Kf3 {[%clk 0:00:06]} Rh2 {[%clk 0:00:50]} 54. h4+
{[%clk 0:00:06]} Kh5 {[%clk 0:00:51]} 55. R7xa4 {[%clk 0:00:07]} Rc2
{[%clk 0:00:47]} 56. Re4 {[%clk 0:00:05]} Rb2 {[%clk 0:00:45]} 57. Rc4
{[%clk 0:00:05]} Rd2 {[%clk 0:00:45]} 58. Rca4 {[%clk 0:00:04]} Rc2
{[%clk 0:00:45]} 59. Ra5 {[%clk 0:00:05]} g5 {[%clk 0:00:45]} 60. hxg5
{[%clk 0:00:04]} hxg5 61. g4+ Kh4 {[%clk 0:00:46]} 62. Ra8 {[%clk 0:00:06]} Rh2
{[%clk 0:00:40]} 63. Ke4 {[%clk 0:00:03]} Kxg4 {[%clk 0:00:40]} 64. Kd5
{[%clk 0:00:04]} Rd2+ {[%clk 0:00:42]} 65. Ke6 {[%clk 0:00:05]} Bf4
{[%clk 0:00:42]} 66. R8a4 {[%clk 0:00:05]} Re2+ {[%clk 0:00:43]} 67. Kf6
{[%clk 0:00:05]} d5 {[%clk 0:00:40]} 68. Rd3 {[%clk 0:00:07]} Re5
{[%clk 0:00:36]} 69. Rd1 {[%clk 0:00:05]} Rf5+ {[%clk 0:00:37]} 70. Ke6
{[%clk 0:00:06]} Re5+ {[%clk 0:00:37]} 71. Kf6 {[%clk 0:00:06]} Re4
{[%clk 0:00:37]} 72. Ra2 {[%clk 0:00:04]} d4 {[%clk 0:00:35]} 73. Rg1+
{[%clk 0:00:05]} Kf3 {[%clk 0:00:36]} 74. Rf1+ {[%clk 0:00:06]} Kg3
{[%clk 0:00:20]} 75. Rg1+ {[%clk 0:00:07]} Kh3 {[%clk 0:00:20]} 76. Rh1+
{[%clk 0:00:07]} Kg4 {[%clk 0:00:21]} 77. Rg1+ {[%clk 0:00:08]} Bg3
{[%clk 0:00:22]} 78. Rd2 {[%clk 0:00:05]} Rf4+ {[%clk 0:00:21]} 79. Ke6
{[%clk 0:00:04]} Kh5 {[%clk 0:00:15]} 80. Rxg3 {[%clk 0:00:04]} Kh4
{[%clk 0:00:14]} 81. Rgd3 {[%clk 0:00:05]} g4 {[%clk 0:00:13]} 82. Rh2+
{[%clk 0:00:06]} Kg5 {[%clk 0:00:15]} 83. Rg2 {[%clk 0:00:06]} Kh4 84. Rdg3
{[%clk 0:00:06]} Rf3 {[%clk 0:00:04]} 85. Rxg4+ {[%clk 0:00:06]} Kh3
{[%clk 0:00:06]} 86. Rg1 d3 87. Rg8 {[%clk 0:00:06]} Kh2 {[%clk 0:00:06]} 88.
R1g7 {[%clk 0:00:06]} Rh3 {[%clk 0:00:03]} 89. Rg2+ {[%clk 0:00:06]} Kh1
{[%clk 0:00:05]} 90. Rg1+ {[%clk 0:00:08]} Kg2 {[%clk 0:00:06]} 91. R8xg2 1-0

[Event "C18"]
[Site "?"]
[Date "2016.08.06"]
[Round "8.3"]
[White "Smieszek, Wojciech"]
[Black "Szostko, Jakub"]
[Result "1-0"]
[LiveChessVersion "1.4.8"]
[BlackElo "2157"]
[WhiteElo "2042"]

1. e4 {[%clk 0:03:03]} c5 {[%clk 0:03:04]} 2. Nf3 {[%clk 0:03:04]} d6
{[%clk 0:03:03]} 3. d4 {[%clk 0:03:05]} cxd4 {[%clk 0:03:04]} 4. Nxd4
{[%clk 0:03:07]} Nf6 {[%clk 0:03:05]} 5. Nc3 {[%clk 0:03:08]} a6 {[%clk 0:03:07]}
6. Nb3 {[%clk 0:03:09]} e6 {[%clk 0:03:06]} 7. g4 {[%clk 0:03:04]} b5
{[%clk 0:03:07]} 8. Bg2 Bb7 9. g5 {[%clk 0:03:02]} Nfd7 {[%clk 0:03:10]} 10. Be3
{[%clk 0:02:56]} Nc6 {[%clk 0:03:11]} 11. Qe2 {[%clk 0:02:39]} Rc8
{[%clk 0:03:02]} 12. f4 {[%clk 0:02:32]} b4 {[%clk 0:02:55]} 13. Na4
{[%clk 0:02:07]} Na5 {[%clk 0:02:51]} 14. O-O-O {[%clk 0:01:45]} Nxb3+
{[%clk 0:02:41]} 15. axb3 {[%clk 0:01:46]} Be7 {[%clk 0:02:40]} 16. f5
{[%clk 0:01:22]} Bxg5 {[%clk 0:02:27]} 17. fxe6 {[%clk 0:01:20]} Bxe3+
{[%clk 0:02:28]} 18. Qxe3 {[%clk 0:01:21]} fxe6 {[%clk 0:02:29]} 19. Rxd6
{[%clk 0:01:14]} Qc7 {[%clk 0:02:26]} 20. Qd2 {[%clk 0:00:47]} Nf8
{[%clk 0:01:53]} 21. Nb6 {[%clk 0:00:38]} Rd8 {[%clk 0:01:50]} 22. Nc4
{[%clk 0:00:38]} Rxd6 {[%clk 0:01:32]} 23. Nxd6+ {[%clk 0:00:39]} Ke7
{[%clk 0:01:34]} 24. Rd1 {[%clk 0:00:25]} a5 {[%clk 0:00:35]} 25. Qg5+
{[%clk 0:00:23]} Kd7 {[%clk 0:00:28]} 26. Nb5+ {[%clk 0:00:22]} 1-0

[Event "C18"]
[Site "?"]
[Date "2016.08.06"]
[Round "8.4"]
[White "Osinski, Emil"]
[Black "Molenda, Marcin"]
[Result "0-1"]
[LiveChessVersion "1.4.8"]
[BlackElo "2187"]
[WhiteElo "1904"]

1. e4 {[%clk 0:03:03]} c5 {[%clk 0:03:04]} 2. Nf3 {[%clk 0:03:03]} Nc6
{[%clk 0:03:05]} 3. Bb5 {[%clk 0:03:02]} g6 {[%clk 0:03:06]} 4. O-O
{[%clk 0:03:02]} Bg7 {[%clk 0:03:07]} 5. c3 {[%clk 0:03:03]} Nf6 {[%clk 0:03:01]}
6. Re1 {[%clk 0:03:04]} O-O {[%clk 0:02:58]} 7. d3 {[%clk 0:03:04]} d5
{[%clk 0:02:57]} 8. e5 {[%clk 0:03:03]} Nd7 {[%clk 0:02:48]} 9. Bf4
{[%clk 0:02:56]} e6 {[%clk 0:02:48]} 10. Bxc6 {[%clk 0:02:54]} bxc6
{[%clk 0:02:49]} 11. Nbd2 {[%clk 0:02:53]} Rb8 {[%clk 0:02:51]} 12. b3
{[%clk 0:02:53]} Ba6 {[%clk 0:02:49]} 13. c4 {[%clk 0:02:53]} h6 {[%clk 0:02:47]}
14. h4 {[%clk 0:02:52]} Kh7 {[%clk 0:02:21]} 15. Qe2 {[%clk 0:02:44]} Rc8
{[%clk 0:02:19]} 16. g4 {[%clk 0:02:29]} f6 {[%clk 0:02:12]} 17. h5
{[%clk 0:01:38]} g5 {[%clk 0:02:08]} 18. Bg3 {[%clk 0:01:29]} f5 {[%clk 0:02:00]}
19. gxf5 {[%clk 0:01:27]} Rxf5 {[%clk 0:02:01]} 20. Kg2 {[%clk 0:01:19]} Qe8
{[%clk 0:02:01]} 21. Rh1 {[%clk 0:01:11]} Qf7 {[%clk 0:01:52]} 22. Rae1
{[%clk 0:01:07]} Rf8 {[%clk 0:01:53]} 23. Rd1 {[%clk 0:00:24]} Kh8
{[%clk 0:01:52]} 24. Rde1 {[%clk 0:00:25]} Bc8 {[%clk 0:01:41]} 25. Rh2
{[%clk 0:00:22]} Nb6 {[%clk 0:01:36]} 26. Rhh1 Bd7 27. Nh2 {[%clk 0:00:19]} Be8
{[%clk 0:01:30]} 28. Ng4 {[%clk 0:00:19]} Qe7 {[%clk 0:01:19]} 29. Nf1
{[%clk 0:00:19]} Nd7 {[%clk 0:01:10]} 30. Nfe3 {[%clk 0:00:18]} Rf4
{[%clk 0:01:01]} 31. Ref1 {[%clk 0:00:10]} Nxe5 {[%clk 0:00:55]} 32. Nxe5 Bxe5
33. Ng4 Bg7 34. Bxf4 {[%clk 0:00:05]} Rxf4 35. f3 e5 {[%clk 0:00:56]} 36. Re1
{[%clk 0:00:07]} e4 37. dxe4 dxe4 {[%clk 0:00:53]} 38. fxe4 Bd7 39. Ne3
{[%clk 0:00:03]} Rxe4 {[%clk 0:00:53]} 40. Qf3 {[%clk 0:00:04]} Rf4
{[%clk 0:00:46]} 41. Qg3 {[%clk 0:00:05]} Qe4+ {[%clk 0:00:47]} 42. Kg1
{[%clk 0:00:05]} Bd4 {[%clk 0:00:46]} 43. Rh2 {[%clk 0:00:05]} Rg4
{[%clk 0:00:46]} 0-1

[Event "C18"]
[Site "?"]
[Date "2016.08.06"]
[Round "8.5"]
[White "Nowak, Kamil"]
[Black "Putlak, Wojciech"]
[Result "1-0"]
[LiveChessVersion "1.4.8"]
[BlackElo "1939"]
[WhiteElo "1821"]

1. e4 {[%clk 0:03:03]} c5 {[%clk 0:03:03]} 2. Nf3 {[%clk 0:03:04]} d6
{[%clk 0:03:05]} 3. d4 {[%clk 0:03:06]} cxd4 {[%clk 0:03:05]} 4. Nxd4
{[%clk 0:03:07]} Nf6 {[%clk 0:03:07]} 5. Nc3 {[%clk 0:03:08]} a6 {[%clk 0:03:08]}
6. Be2 {[%clk 0:03:01]} Nc6 {[%clk 0:03:08]} 7. Bg5 {[%clk 0:03:00]} e6
{[%clk 0:03:08]} 8. O-O {[%clk 0:02:49]} Be7 {[%clk 0:03:08]} 9. a4
{[%clk 0:02:40]} Bd7 {[%clk 0:02:57]} 10. Be3 {[%clk 0:02:34]} O-O
{[%clk 0:02:55]} 11. Nb3 {[%clk 0:02:35]} b6 {[%clk 0:02:43]} 12. f4
{[%clk 0:02:36]} Qc7 {[%clk 0:02:35]} 13. Bf3 {[%clk 0:02:37]} Rac8
{[%clk 0:02:23]} 14. g4 {[%clk 0:02:37]} Rfd8 {[%clk 0:02:13]} 15. g5
{[%clk 0:02:38]} Ne8 {[%clk 0:02:13]} 16. Bg2 {[%clk 0:02:32]} f6
{[%clk 0:01:42]} 17. Qd2 {[%clk 0:02:31]} Nb4 {[%clk 0:01:31]} 18. Qf2
{[%clk 0:02:23]} Rb8 {[%clk 0:01:25]} 19. Rad1 {[%clk 0:02:24]} Bc6
{[%clk 0:01:04]} 20. Nd4 {[%clk 0:02:12]} Bd7 {[%clk 0:01:01]} 21. Bh3
{[%clk 0:02:12]} Qc8 {[%clk 0:00:59]} 22. Rd2 {[%clk 0:02:04]} Nc6
{[%clk 0:01:00]} 23. Nb3 {[%clk 0:01:58]} Na5 {[%clk 0:00:57]} 24. Bxb6
{[%clk 0:01:49]} Rxb6 {[%clk 0:00:50]} 25. Qxb6 {[%clk 0:01:46]} Nc4
{[%clk 0:00:52]} 26. Qd4 {[%clk 0:01:39]} Nxd2 {[%clk 0:00:51]} 27. Qxd2
{[%clk 0:01:38]} Qb8 {[%clk 0:00:45]} 28. Rb1 {[%clk 0:01:17]} Qb6+
{[%clk 0:00:46]} 29. Kh1 {[%clk 0:01:18]} g6 {[%clk 0:00:30]} 30. Nd4
{[%clk 0:01:12]} f5 {[%clk 0:00:30]} 31. exf5 {[%clk 0:01:10]} gxf5
{[%clk 0:00:23]} 32. Bg2 {[%clk 0:01:08]} Ng7 {[%clk 0:00:19]} 33. b3
{[%clk 0:01:01]} Rc8 {[%clk 0:00:19]} 34. Re1 {[%clk 0:00:49]} Qb4
{[%clk 0:00:21]} 35. Nde2 {[%clk 0:00:38]} Bd8 {[%clk 0:00:18]} 36. Rd1
{[%clk 0:00:39]} d5 {[%clk 0:00:15]} 37. Qd4 {[%clk 0:00:39]} Qxd4
{[%clk 0:00:16]} 38. Rxd4 {[%clk 0:00:39]} Ba5 {[%clk 0:00:16]} 39. b4 Bb6 40.
Rd3 {[%clk 0:00:33]} Rc4 {[%clk 0:00:19]} 41. Nxd5 {[%clk 0:00:23]} exd5
{[%clk 0:00:16]} 42. Bxd5+ {[%clk 0:00:24]} Be6 {[%clk 0:00:17]} 43. Bxc4
{[%clk 0:00:23]} Bxc4 {[%clk 0:00:19]} 44. Rd6 {[%clk 0:00:24]} Bc7
{[%clk 0:00:16]} 45. Rd7 {[%clk 0:00:22]} Bxe2 {[%clk 0:00:11]} 46. Rxc7
{[%clk 0:00:23]} Ne6 {[%clk 0:00:11]} 47. Rc8+ {[%clk 0:00:24]} Kf7
{[%clk 0:00:13]} 48. Rb8 {[%clk 0:00:23]} Nxf4 {[%clk 0:00:09]} 49. b5 Nh3 50.
Kg2 {[%clk 0:00:22]} Nxg5 {[%clk 0:00:10]} 51. bxa6 {[%clk 0:00:21]} Bxa6
{[%clk 0:00:10]} 52. a5 {[%clk 0:00:21]} Ne6 {[%clk 0:00:10]} 53. Rb6
{[%clk 0:00:22]} Bc4 {[%clk 0:00:11]} 54. a6 {[%clk 0:00:23]} Nc7
{[%clk 0:00:12]} 55. a7 {[%clk 0:00:23]} Na8 {[%clk 0:00:12]} 56. Rb8
{[%clk 0:00:24]} Ke7 {[%clk 0:00:09]} 57. Kg3 {[%clk 0:00:25]} Bd5
{[%clk 0:00:11]} 58. c4 {[%clk 0:00:26]} Bc6 {[%clk 0:00:11]} 59. c5
{[%clk 0:00:26]} Ke6 {[%clk 0:00:12]} 60. Kf4 {[%clk 0:00:27]} Kd5
{[%clk 0:00:10]} 61. Rh8 {[%clk 0:00:26]} Kxc5 {[%clk 0:00:10]} 62. Kxf5
{[%clk 0:00:27]} Kb6 {[%clk 0:00:09]} 63. Rxh7 {[%clk 0:00:25]} Ba4
{[%clk 0:00:08]} 64. Rg7 {[%clk 0:00:25]} Bc2+ {[%clk 0:00:06]} 65. Kg5
{[%clk 0:00:25]} Kc6 {[%clk 0:00:06]} 66. h4 {[%clk 0:00:26]} Kd6
{[%clk 0:00:06]} 67. h5 {[%clk 0:00:28]} Nb6 {[%clk 0:00:06]} 68. h6
{[%clk 0:00:29]} Be4 {[%clk 0:00:08]} 69. h7 {[%clk 0:00:30]} Bxh7
{[%clk 0:00:09]} 70. Rxh7 {[%clk 0:00:31]} Kc6 {[%clk 0:00:07]} 71. Kf5
{[%clk 0:00:28]} Na8 {[%clk 0:00:07]} 72. Ke5 {[%clk 0:00:29]} Kb6
{[%clk 0:00:08]} 73. Kd5 {[%clk 0:00:27]} Ka6 {[%clk 0:00:05]} 74. Kc5
{[%clk 0:00:28]} Ka5 {[%clk 0:00:04]} 75. Rh8 {[%clk 0:00:27]} Nb6
{[%clk 0:00:04]} 76. a8=Q+ {[%clk 0:00:28]} 1-0

[Event "C18"]
[Site "?"]
[Date "2016.08.06"]
[Round "9.1"]
[White "Kucza, Karol"]
[Black "Piotrowski, Przemyslaw"]
[Result "0-1"]
[LiveChessVersion "1.4.8"]
[BlackElo "2131"]
[WhiteElo "2184"]

1. d4 Nf6 2. c3 g6 3. Bg5 Bg7 4. Nd2 d5 5. Bxf6 Bxf6 6. e4 dxe4 7. Nxe4 Bg7 8.
Nf3 c6 9. Bd3 Nd7 10. O-O Nf6 11. Nxf6+ Bxf6 12. Re1 O-O 13. Qb3 Qc7 14. Ne5 c5
15. Bc4 e6 16. Rad1 b6 17. Nf3 Bb7 18. d5 exd5 19. Bxd5 Rad8 20. c4 Bxd5 21. cxd5
Qf4 22. Qc2 Rd7 23. b3 Rfd8 24. Qc4 Qf5 25. Qa6 Kg7 26. h3 Qc2 27. Rd2 Qf5 28.
Red1 Rxd5 29. Rxd5 Rxd5 30. Rxd5 Qxd5 31. Qxa7 b5 32. Qb8 c4 33. bxc4 bxc4 34.
Qb1 c3 35. a4 Qc4 36. Qc2 Qb4 37. g3 Qb2 38. Ne1 Qa1 39. Kf1 h5 40. Ke2 Qa3 41.
Nd3 Qe7+ 42. Kf1 Qb7 43. Ne1 Qh1+ 44. Ke2 Qxh3 45. Qe4 Qd7 46. Nf3 Qc7 47. Qc2
Qc4+ 48. Ke1 Qb4 49. Ng1 Qb2 50. Kd1 Qa1+ 51. Qc1 Qxa4+ 52. Ke2 Qc4+ 53. Kf3 Qd3+
54. Kg2 c2 55. Nf3 Qd1 0-1

[Event "C18"]
[Site "?"]
[Date "2016.08.06"]
[Round "9.2"]
[White "Michalski, Filip"]
[Black "Niekras, Dawid"]
[Result "1/2-1/2"]
[LiveChessVersion "1.4.8"]
[BlackElo "2157"]
[WhiteElo "1916"]

1. d4 {[%clk 0:03:03]} Nf6 {[%clk 0:03:03]} 2. c4 {[%clk 0:03:02]} g6
{[%clk 0:03:04]} 3. Nc3 {[%clk 0:03:04]} Bg7 {[%clk 0:03:06]} 4. e4
{[%clk 0:03:05]} d6 {[%clk 0:03:07]} 5. Nf3 {[%clk 0:03:06]} O-O {[%clk 0:03:07]}
6. Be2 {[%clk 0:03:07]} Na6 {[%clk 0:03:08]} 7. Be3 {[%clk 0:03:05]} e5
{[%clk 0:03:09]} 8. O-O {[%clk 0:03:00]} Ng4 {[%clk 0:03:09]} 9. Bg5
{[%clk 0:03:01]} Qe8 10. c5 exd4 {[%clk 0:03:10]} 11. Nd5 {[%clk 0:03:04]} Be6
{[%clk 0:03:11]} 12. cxd6 {[%clk 0:02:57]} Bxd5 {[%clk 0:02:12]} 13. exd5
{[%clk 0:02:43]} cxd6 {[%clk 0:02:13]} 14. Bxa6 {[%clk 0:02:43]} bxa6
{[%clk 0:02:15]} 15. Nxd4 {[%clk 0:02:14]} Qe5 {[%clk 0:02:16]} 16. Qxg4
{[%clk 0:02:10]} Qxd4 {[%clk 0:02:16]} 17. Qxd4 {[%clk 0:02:07]} Bxd4
{[%clk 0:02:17]} 18. Be7 {[%clk 0:01:57]} Rfe8 {[%clk 0:02:14]} 19. Bxd6
{[%clk 0:01:56]} Bxb2 {[%clk 0:00:53]} 20. Rab1 {[%clk 0:01:59]} Re2
{[%clk 0:00:54]} 21. Bc5 {[%clk 0:01:40]} Rd8 {[%clk 0:00:35]} 22. d6
{[%clk 0:01:37]} Be5 {[%clk 0:00:18]} 23. Rfe1 {[%clk 0:01:15]} Rxe1+
{[%clk 0:00:17]} 24. Rxe1 {[%clk 0:01:16]} Bxd6 {[%clk 0:00:19]} 25. Bxa7
{[%clk 0:01:16]} 1/2-1/2

[Event "C18"]
[Site "?"]
[Date "2016.08.06"]
[Round "9.3"]
[White "Smieszek, Wojciech"]
[Black "Karwowski, Kacper"]
[Result "0-1"]
[LiveChessVersion "1.4.8"]
[BlackElo "2002"]
[WhiteElo "2042"]

1. e4 {[%clk 0:03:03]} c5 {[%clk 0:03:03]} 2. Nf3 {[%clk 0:03:04]} Nc6
{[%clk 0:03:04]} 3. d4 {[%clk 0:03:05]} cxd4 {[%clk 0:03:06]} 4. Nxd4 e6
{[%clk 0:03:06]} 5. Nc3 {[%clk 0:03:05]} a6 {[%clk 0:03:08]} 6. Be3 Qc7 7. Bd3
Nf6 8. O-O h5 9. h3 {[%clk 0:02:53]} Bd6 {[%clk 0:03:08]} 10. f4 {[%clk 0:02:46]}
e5 {[%clk 0:02:55]} 11. Nf5 {[%clk 0:02:37]} exf4 {[%clk 0:02:31]} 12. Nxd6+ Qxd6
13. Bxf4 Qc5+ 14. Kh1 {[%clk 0:01:53]} d6 {[%clk 0:02:32]} 15. Be2
{[%clk 0:01:40]} Ne5 {[%clk 0:02:28]} 16. Bxe5 {[%clk 0:01:20]} Qxe5
{[%clk 0:02:21]} 17. Nd5 {[%clk 0:01:15]} Nxd5 {[%clk 0:01:21]} 18. exd5
{[%clk 0:01:15]} Kf8 {[%clk 0:00:59]} 19. Qd3 {[%clk 0:01:02]} Rh6
{[%clk 0:00:49]} 20. Rae1 {[%clk 0:01:00]} Rf6 {[%clk 0:00:38]} 21. Bf3
{[%clk 0:00:52]} Qg5 {[%clk 0:00:18]} 22. Qe2 {[%clk 0:00:35]} Bf5
{[%clk 0:00:18]} 23. Bxh5 {[%clk 0:00:31]} g6 {[%clk 0:00:18]} 24. Bf3
{[%clk 0:00:26]} Kg7 {[%clk 0:00:15]} 25. Qe3 {[%clk 0:00:25]} Qg3
{[%clk 0:00:10]} 26. Qf2 {[%clk 0:00:20]} Qg5 {[%clk 0:00:10]} 27. Qd4
{[%clk 0:00:21]} Rh8 {[%clk 0:00:10]} 28. Bg4 {[%clk 0:00:11]} Qxg4
{[%clk 0:00:09]} 29. Qc3 {[%clk 0:00:05]} Qg5 {[%clk 0:00:07]} 30. Rf3
{[%clk 0:00:06]} Rh4 {[%clk 0:00:07]} 31. Ref1 {[%clk 0:00:07]} Re4
{[%clk 0:00:08]} 32. Qc7 {[%clk 0:00:05]} Re2 {[%clk 0:00:09]} 33. Rg1
{[%clk 0:00:04]} Be4 {[%clk 0:00:07]} 34. Rxf6 {[%clk 0:00:03]} Qxf6
{[%clk 0:00:07]} 35. Qc4 {[%clk 0:00:03]} Rxc2 {[%clk 0:00:04]} 36. Qxe4
{[%clk 0:00:05]} Rxb2 {[%clk 0:00:06]} 37. Qc4 {[%clk 0:00:05]} Qe5
{[%clk 0:00:07]} 38. Qg4 {[%clk 0:00:06]} Rxa2 {[%clk 0:00:08]} 39. Qc4
{[%clk 0:00:07]} Rd2 {[%clk 0:00:09]} 40. Rf1 {[%clk 0:00:07]} Qxd5
{[%clk 0:00:09]} 41. Qxd5 {[%clk 0:00:07]} Rxd5 {[%clk 0:00:10]} 42. Kg1
{[%clk 0:00:08]} b5 {[%clk 0:00:11]} 43. Ra1 {[%clk 0:00:09]} b4 {[%clk 0:00:12]}
44. Rxa6 {[%clk 0:00:11]} Rd1+ {[%clk 0:00:12]} 45. Kf2 {[%clk 0:00:12]} Rd2+
{[%clk 0:00:13]} 46. Kf3 {[%clk 0:00:13]} b3 {[%clk 0:00:14]} 47. Rb6
{[%clk 0:00:14]} b2 {[%clk 0:00:15]} 48. g4 {[%clk 0:00:15]} d5 {[%clk 0:00:16]}
49. Ke3 {[%clk 0:00:16]} Rh2 {[%clk 0:00:17]} 50. Kd4 {[%clk 0:00:15]} Rxh3
{[%clk 0:00:15]} 51. Rxb2 {[%clk 0:00:16]} Rg3 {[%clk 0:00:15]} 52. Kxd5
{[%clk 0:00:16]} Rxg4 {[%clk 0:00:16]} 53. Ke5 {[%clk 0:00:17]} f6+
{[%clk 0:00:17]} 54. Ke6 {[%clk 0:00:18]} Re4+ {[%clk 0:00:18]} 55. Kd5
{[%clk 0:00:20]} Re8 {[%clk 0:00:19]} 56. Rb7+ {[%clk 0:00:20]} Kh6
{[%clk 0:00:20]} 57. Rb1 {[%clk 0:00:20]} g5 {[%clk 0:00:20]} 58. Kd6
{[%clk 0:00:20]} g4 {[%clk 0:00:21]} 59. Kd7 {[%clk 0:00:21]} Re2
{[%clk 0:00:22]} 60. Rh1+ {[%clk 0:00:22]} Kg5 {[%clk 0:00:23]} 61. Kd6
{[%clk 0:00:23]} f5 {[%clk 0:00:24]} 0-1

[Event "C18"]
[Site "?"]
[Date "2016.08.06"]
[Round "9.4"]
[White "Adamczewski, Maciej"]
[Black "Molenda, Marcin"]
[Result "0-1"]
[LiveChessVersion "1.4.8"]
[BlackElo "2187"]
[WhiteElo "1938"]

1. g4 {[%clk 0:03:03]} d5 2. Bg2 c6 3. c4 g6 {[%clk 0:02:56]} 4. cxd5
{[%clk 0:03:05]} cxd5 {[%clk 0:02:58]} 5. Qb3 {[%clk 0:03:06]} e6
{[%clk 0:02:07]} 6. d4 {[%clk 0:03:03]} Bg7 {[%clk 0:02:07]} 7. Nf3
{[%clk 0:03:03]} Nc6 {[%clk 0:02:07]} 8. e3 {[%clk 0:02:55]} Nf6 {[%clk 0:02:04]}
9. h3 {[%clk 0:02:56]} O-O {[%clk 0:01:58]} 10. O-O {[%clk 0:02:54]} h5
{[%clk 0:01:47]} 11. gxh5 {[%clk 0:02:37]} Nxh5 {[%clk 0:01:43]} 12. Nc3
{[%clk 0:02:38]} a6 {[%clk 0:01:34]} 13. Na4 {[%clk 0:02:31]} b5 {[%clk 0:01:35]}
14. Nc5 {[%clk 0:02:30]} Nf6 {[%clk 0:01:31]} 15. Bd2 {[%clk 0:02:28]} Ne4
{[%clk 0:01:32]} 16. Rac1 {[%clk 0:02:09]} Nxd2 {[%clk 0:01:32]} 17. Nxd2
{[%clk 0:02:10]} Ne7 {[%clk 0:01:34]} 18. a4 {[%clk 0:02:07]} bxa4
{[%clk 0:01:32]} 19. Qxa4 {[%clk 0:02:06]} Nf5 {[%clk 0:01:31]} 20. Nf3
{[%clk 0:02:04]} Rb8 {[%clk 0:01:29]} 21. b4 {[%clk 0:02:03]} Rb6
{[%clk 0:01:19]} 22. Rb1 {[%clk 0:01:58]} Nd6 {[%clk 0:01:12]} 23. Rfc1
{[%clk 0:01:52]} Nc4 {[%clk 0:01:13]} 24. Bf1 {[%clk 0:01:52]} e5
{[%clk 0:01:08]} 25. dxe5 {[%clk 0:01:22]} Nxe5 {[%clk 0:01:09]} 26. Nxe5
{[%clk 0:01:22]} Bxe5 {[%clk 0:01:10]} 27. Nd3 {[%clk 0:01:22]} Qg5+ 28. Bg2 Bxh3
{[%clk 0:01:06]} 29. Ne1 {[%clk 0:01:14]} Bxg2 {[%clk 0:01:07]} 30. Nxg2
{[%clk 0:01:15]} Bb8 {[%clk 0:00:56]} 31. Rc6 {[%clk 0:01:12]} Rxc6
{[%clk 0:00:48]} 32. Qxc6 {[%clk 0:01:12]} Qh5 {[%clk 0:00:49]} 33. Nf4
{[%clk 0:01:01]} Bxf4 34. exf4 Qg4+ {[%clk 0:00:49]} 35. Kf1 {[%clk 0:01:02]}
Qxf4 {[%clk 0:00:36]} 36. Qxd5 {[%clk 0:01:01]} Re8 {[%clk 0:00:31]} 37. b5 axb5
38. Qxb5 {[%clk 0:00:38]} Re5 {[%clk 0:00:26]} 39. Qd3 {[%clk 0:00:33]} Rf5
{[%clk 0:00:15]} 40. Qe2 {[%clk 0:00:30]} Rf6 {[%clk 0:00:12]} 41. Rd1
{[%clk 0:00:25]} Kg7 {[%clk 0:00:12]} 42. Rd3 {[%clk 0:00:25]} Re6
{[%clk 0:00:12]} 43. Qd2 {[%clk 0:00:23]} Qf6 {[%clk 0:00:10]} 44. Qc3
{[%clk 0:00:23]} Qxc3 45. Rxc3 g5 {[%clk 0:00:12]} 46. Kg2 Kg6 47. Rd3 Re4 48.
Rc3 {[%clk 0:00:24]} f5 {[%clk 0:00:15]} 49. Kg3 {[%clk 0:00:23]} Kh5
{[%clk 0:00:15]} 50. Rc8 {[%clk 0:00:22]} Rg4+ {[%clk 0:00:15]} 51. Kh3
{[%clk 0:00:22]} Rh4+ 52. Kg3 f4+ {[%clk 0:00:14]} 53. Kf3 {[%clk 0:00:24]} Rh3+
{[%clk 0:00:15]} 54. Kg2 {[%clk 0:00:24]} Kg4 {[%clk 0:00:15]} 55. Rg8
{[%clk 0:00:23]} f3+ {[%clk 0:00:11]} 56. Kg1 Rh7 57. Rd8 {[%clk 0:00:23]} Re7
{[%clk 0:00:13]} 58. Kh2 {[%clk 0:00:19]} Kf4 {[%clk 0:00:13]} 59. Rd4+
{[%clk 0:00:19]} Re4 {[%clk 0:00:14]} 60. Rd8 {[%clk 0:00:17]} Re2
{[%clk 0:00:12]} 61. Kg1 Kg4 62. Rd4+ {[%clk 0:00:16]} Kh3 63. Kf1 Ra2
{[%clk 0:00:15]} 64. Rd1 g4 65. Kg1 {[%clk 0:00:17]} g3 {[%clk 0:00:16]} 66. Rf1
{[%clk 0:00:13]} Rb2 {[%clk 0:00:13]} 67. fxg3 {[%clk 0:00:03]} Kxg3
{[%clk 0:00:14]} 68. Ra1 {[%clk 0:00:03]} Rg2+ {[%clk 0:00:15]} 69. Kf1
{[%clk 0:00:00]} 0-1